Countries with similar names- Flag shape quiz 3 - Statistics

General Stats
  • This quiz has been taken 18 times
  • The average score is 16 of 17
Answer Stats
Picture Answer % Correct
Liberia
100%
Libya
100%
Monaco
100%
Somalia
100%
Taiwan
100%
Turkey
100%
Turkmenistan
100%
Mauritania
93%
Mauritius
93%
Morocco
93%
Saint Lucia
93%
Thailand
93%
Togo
93%
Mali
87%
Saint Kitts And Nevis
87%
Tonga
87%
Saint Vincent and the Grenadines
80%
No matching quizzes found
Score Distribution
Percent of People with Each Score
Percentile by Number Answered
Your Score History
You have not taken this quiz